LEADER 01457nam a2200337 a 4500 001 000000122668 003 CaOOAMICUS 005 20100820145334.0 008 100820t2010 it u000 u ita r 020 $a978-88-89446-55-3 040 $aPUL$bita$dReb 041 1 $aita$hfre 082 04$a225.92 100 1 $aBadiou, Alain.$0(OLS)http://pul/name/54720 240 10$aSaint Paul : la fondation de l'universalisme$lItaliano.$0(OLS)http://pul/title/154613 245 10$aSan Paolo :$bla fondazione dell'universalismo /$cAlain Badiou ; traduzione di Federico Ferrari, Antonella Moscati. 250 $a2 Ed. 260 $aNapoli :$bCronopio,$cİ2010. 300 $a171 p. ;$c19 cm. 490 1 $aTessere 600 04$aPaulus,$cs., apostolo$xUniversalismo.$0(OLS)http://pul/subject/37133 700 1 $aFerrari, Federico,$d1969-$0(OLS)http://pul/name/54640 700 1 $aMoscati, Antonella.$0(OLS)http://pul/name/73680 830 0$aTessere (Cronopio).$0(OLS)http://pul/title/103046 850 $aPUL 852 $aPUL$W1$xSL Religione 3$y85$m225. 92 BADAL 1$j140899$qDDC 21$B139979$CPULBib$Z2$F139979 $H114127 $82 941 1 $a9 996 $6020$a978-88-89446-55-3$9(OLS)http://pul/number/145099 996 $6082$a225.92$9(OLS)http://pul/classification/453 996 $6245$aSan Paolo :$bla fondazione dell'universalismo$9(OLS)http://pul/title/154612 996 $6260$aNapoli :$bCronopio$9(OLS)http://pul/publisher/75496 LEADER 01356nam a2200337 a 4500 001 000000172760 003 CaOOAMICUS 005 20191009124803.0 008 191009s2014 it u000 u ita r 020 $a978-88-6512-262-4* 032 $aLibriCat 040 $aPUL$bita 082 04$a262.9 100 1 $aPighin, Bruno Fabio.$0(OLS)http://pul/name/52508 245 10$aDiritto penale canonico /$cBruno Fabio Pighin. 250 $aNuova edizione riveduta e ampliata 260 $aVenezia :$bMarcianum Press,$cİ2014. 300 $a670 p. ;$c24 cm. 490 1 $aManuali ;$v08 500 $aSull'occhietto: Istituto di Diritto Canonico San Pio X. 504 $aBibliografia p. 655-670. 650 4$aDiritto canonico penale.$0(OLS)http://pul/subject/999 830 0$aManuali (Marcianum Press) ;$v08.$0(OLS)http://pul/title/119432 850 $aPUL 852 $aPUL$W1$xSL Diritto Canonico 3$y77$m262. 9 COLL 6.8$j196713$qDDC 21$B201484$CPULBib$Z2$F201484 $H133585 $81 960 $aDiritto penale canonico$9999 996 $6020$a978-88-6512-262-4*$9(OLS)http://pul/number/166812 996 $6082$a262.9$9(OLS)http://pul/classification/369 996 $6245$aDiritto penale canonico$9(OLS)http://pul/title/39509 996 $6260$aVenezia :$bMarcianum Press$9(OLS)http://pul/publisher/79046